how well do you know sri lanka - Statistics

General Stats
  • This quiz has been taken 69 times
  • The average score is 11 of 15
Answer Stats
Question Answer % Correct
in waht part of asia is sri lanka? south asia
100%
what is the most popular religon of sri lanka? budism
95%
what are the 2 national languages of sri lanka? sinhala, tamil
95%
sri lankas the 4th bigest producer of what tea
95%
what date srilankas got independence from britain? 4 Feb 1948
90%
the srilankan public holiday and celebration for the full moon is called what? poya
80%
sri lanka owe 52% percent debt to who? china
75%
what is sri lankas capital? sri jayawardenepura kotte
75%
sri lanka anthem name is what sri lanka matha
75%
population of srilanka is 22 million
60%
sri lanka full name democratic socialist republic of sri lanka
60%
which item originated from sri lankas cinnamon
55%
who was the first prime minister of sri lankas? D. S. Senanayake
50%
sri lanka was first colonised by who? Portuguese
45%
short form of sri lankas name LK
35%
No matching quizzes found
Score Distribution
Percent of People with Each Score
Percentile by Number Answered
Your Score History
You have not taken this quiz